Estat de l'administració de justícia a Catalunya / [direcció: Lluís Muñoz i Sabaté] Lluís Muñoz i Sabaté]
Publicado:
[Barcelona] :
Generalitat de Catalunya, Departament de Justícia, Secretaria General ,
1984
Descripción Física:
421 p. ; 21 cm
Colección:
Quaderns d'estudis i formació
Otros Autores:
Muñoz i Sabaté, Lluís, dir
MARC
| LEADER | 00000nam a2200000Ia 4500 | ||
|---|---|---|---|
| 001 | 1433 | ||
| 008 | 160829s1984 xx 000 0 cat d | ||
| 080 | |a M-2-120 | ||
| 245 | |a Estat de l'administració de justícia a Catalunya / [direcció: |b Lluís Muñoz i Sabaté] | ||
| 260 | |a [Barcelona] : |b Generalitat de Catalunya, Departament de Justícia, Secretaria General, |c 1984 | ||
| 300 | |a 421 p. ; |c 21 cm | ||
| 490 | |a Quaderns d'estudis i formació | ||
| 650 | |a Justicia |x Administració |x Catalunya |x Enquestes |9 26725 | ||
| 700 | |a Muñoz i Sabaté, Lluís, dir. |9 26726 | ||
| 710 | 1 | |a Catalunya. |b Departament de Justícia |9 53891 | |
| 901 | |a Arxiu | ||
| 942 | |n 1 | ||
| 952 | |0 0 |1 0 |4 0 |6 M2120 |7 1 |9 44115 |a Arxiu |b Arxiu |d 2016-12-01 |l 0 |o M-2-120 |p 1433 |r 2016-12-01 00:00:00 |w 2016-12-01 |y ARXIU | ||
| 999 | |c 46695 |d 46695 | ||